Online Catalogue and eLibrary

A Question of Silence? (Record no. 1602)

MARC details
000 -LEADER
fixed length control field 00477nam a2200181Ia 4500
005 - DATE AND TIME OF LATEST TRANSACTION
control field 20250115053603.0
008 - FIXED-LENGTH DATA ELEMENTS--GENERAL INFORMATION
fixed length control field 240331s9999 xx 000 0 und d
020 ## - INTERNATIONAL STANDARD BOOK NUMBER
ISBN 8186706089
082 ## - DDC Classification
Item Number - Author Mark MAR
DDC Edition Number 4578
Class No. 305.3
245 #2 - TITLE STATEMENT
Title A Question of Silence?
Remainder of title The Sexual Economies of Modern India
260 ## - PUBLICATION, DISTRIBUTION, ETC.
Place of publication, distribution, etc. New Delhi
Name of publisher, distributor, etc. Kali for Women
Date of publication, distribution, etc. 1998
300 ## - PHYSICAL DESCRIPTION
Extent (e.g. Volumes, Pages etc.) viii, 412 p.,
650 ## - SUBJECT ADDED ENTRY--TOPICAL TERM
Topical term or geographic name entry element Sexuality
650 ## - SUBJECT ADDED ENTRY--TOPICAL TERM
Topical term or geographic name entry element India
700 ## - ADDED ENTRY--PERSONAL NAME
Personal name John, M. E
Relator term (Role) Editor
700 ## - ADDED ENTRY--PERSONAL NAME
Personal name Nair, J
Relator term (Role) Editor
942 ## - Koha item type (Biblio)
Koha item type Books in Stacks (Lending)
Holdings
Lost status Damaged status Collection code Home library Current library Shelving location Date acquired Full call number Accession Number Item type
    Lending WERC Library WERC Library Social Science Cupboard 03/31/2024 305.3 QUE 4578 Books in Stacks (Lending)

© WERC Library